Importance and Role of Social Maturity in the Concept of Holistic Managerial Competence

Gespeichert in:
Bibliographische Detailangaben
1. Verfasser: Porvazník, Ján
Weitere Verfasser: Kupich, Andrzej, Ljudvigová, Ivana
Format: Buchkapitel
Sprache:Englisch
Tags: Tag hinzufügen
Keine Tags, Fügen Sie das erste Tag hinzu!

MARC

LEADER 00000naa a2200000 4500
001 0199453
005 20240502083506.3
041 0 |a eng 
044 |a PL 
245 1 0 |a Importance and Role of Social Maturity in the Concept of Holistic Managerial Competence  |c Ján Porvazník, Andrzej Kupich, Ivana Ljudvigová 
100 1 |a Porvazník, Ján 
700 1 |a Kupich, Andrzej 
700 1 |a Ljudvigová, Ivana